España : Estudio geográfico, político, histórico, científico, literario, artístico y monumental Estudio geográfico, político, histórico, científico, literario, artístico y monumental
Descripción Física:
1524 p. : il. ; 25'5 cm
Materias:
Espanya
MARC
| LEADER | 00000nam a2200000Ia 4500 | ||
|---|---|---|---|
| 001 | 1000 | ||
| 008 | 160829s1925 xx 000 0 cat d | ||
| 080 | |a H-1-289 | ||
| 245 | |a España : |b Estudio geográfico, político, histórico, científico, literario, artístico y monumental | ||
| 260 | |a Barcelona : |b Hijos de J. Espasa, editores, |c 1925 | ||
| 300 | |a 1524 p. : |b il. ; |c 25'5 cm | ||
| 650 | |a Espanya |9 67081 | ||
| 901 | |a Arxiu | ||
| 942 | |n 1 | ||
| 952 | |0 0 |1 0 |4 0 |6 H1289 |7 1 |9 41870 |a Arxiu |b Arxiu |d 2016-12-01 |l 0 |o H-1-289 |p 1000 |r 2016-12-01 00:00:00 |w 2016-12-01 |y ARXIU | ||
| 999 | |c 44317 |d 44317 | ||